| 000 -LEADER |
| fixed length control field |
00536nam a22001817a 4500 |
| 008 - FIXED-LENGTH DATA ELEMENTS--GENERAL INFORMATION |
| fixed length control field |
211227b ||||| |||| 00| 0 eng d |
| 020 ## - INTERNATIONAL STANDARD BOOK NUMBER |
| Terms of availability |
Rs.70.00 |
| 041 0# - LANGUAGE CODE |
| Language code of text/sound track or separate title |
hin |
| 082 00 - DEWEY DECIMAL CLASSIFICATION NUMBER |
| Classification number |
891.4309 |
| Item number |
M6843 |
| 100 ## - MAIN ENTRY--PERSONAL NAME |
| 9 (RLIN) |
3451 |
| Personal name |
Mitra, Bimal |
| 245 10 - TITLE STATEMENT |
| Title |
Jeevan mane dukh hi dukh/ |
|
| Title |
जीवन में दुख ही दुख है / |
| 260 ## - PUBLICATION, DISTRIBUTION, ETC. (IMPRINT) |
| Place of publication, distribution, etc |
Delhi: |
| Name of publisher, distributor, etc |
Sanmarg prakashan, |
| Date of publication, distribution, etc |
1992 |
| 300 ## - PHYSICAL DESCRIPTION |
| Extent |
159 p. |
| 365 ## - TRADE PRICE |
| Price amount |
INR 70.00 |
| 650 #0 - SUBJECT ADDED ENTRY--TOPICAL TERM |
| Topical term or geographic name as entry element |
Hindi Literature |
| 942 ## - ADDED ENTRY ELEMENTS (KOHA) |
| Item type |
Books |